Central Library OPAC University of Rajshahi

Studies in classic American literature / (Record no. 17599)

MARC details
000 -LEADER
fixed length control field 00831cam a2200265 i 4500
001 - CONTROL NUMBER
control field 17599
003 - CONTROL NUMBER IDENTIFIER
rucl marc code BD-RjUL
005 - DATE AND TIME OF LATEST TRANSACTION
control field 20211209000151.0
008 - FIXED-LENGTH DATA ELEMENTS--GENERAL INFORMATION
fixed length control field 140217r19951964ii 000 0 eng
020 ## - INTERNATIONAL STANDARD BOOK NUMBER
Canceled/invalid ISBN 014004437X
International Standard Book Number 0140033009 :
035 ## - SYSTEM CONTROL NUMBER
System control number (BD-RjUL)17657
040 ## - CATALOGING SOURCE
Original cataloging agency DLC
Transcribing agency DLC
Modifying agency DLC
Language of cataloging eng
041 ## - LANGUAGE CODE
Language code of text/sound track or separate title eng
082 00 - DEWEY DECIMAL CLASSIFICATION NUMBER
Classification number 813.009
Author mark and year LAS 1995
100 1# - MAIN ENTRY--PERSONAL NAME
Personal name Lawrence, D. H.
Fuller form of name (David Herbert),
Dates associated with a name 1885-1930.
9 (RLIN) 53780
245 10 - TITLE STATEMENT
Title Studies in classic American literature /
Statement of responsibility, etc. D. H. Lawrence.
260 ## - PUBLICATION, DISTRIBUTION, ETC. (IMPRINT)
Place of publication, distribution, etc. new delhi :
Name of publisher, distributor, etc. atlantic publisher and distributer,
Date of publication, distribution, etc. 1995
300 ## - PHYSICAL DESCRIPTION
Pagination 187 p. ;
Size 18 cm.
500 ## - GENERAL NOTE
General note Republication of the 1964 ed. published by Viking Press, New York.
650 #0 - SUBJECT ADDED ENTRY--TOPICAL TERM
Topical term or geographic name as entry element American literature
General subdivision History and criticism.
9 (RLIN) 54248
942 ## - ADDED ENTRY ELEMENTS (KOHA)
Source of classification or shelving scheme Dewey Decimal Classification
Koha item type Books
Holdings
Lost status Source of classification or shelving scheme Damaged status Not for loan Collection code Permanent Location Current Location Shelving location Date acquired Source of acquisition Cost, normal purchase price Total Checkouts Full call number Date last seen Copy number Koha item type
  Dewey Decimal Classification     Fiction Central Library, University of Rajshahi Central Library, University of Rajshahi   20/08/1998 Ankur prakashani 324.00   813.009 LAS 1995 17/02/2014 C-10 Books